00326nam a22001097a 4500082001000000100002400010245009800034260002700132300001400159526001900173700002400192 aP-748 aMuhammad Hamza Khan aEnhancement of Seismic Performance of RC Frame Structure Base Isolators cMuhammad Hamza Khan aRisalpur,bMCE,c2017. a100pbNil a0b0c0dP_748 aMaj Muhammad Rizwan